000 01010nam a2200301 i 4500
001 bg
100 1 _aKIENZLER, Iwona
_d(1956- ).
245 1 0 _aWzory pism, umów i innych dokumentów w języku polskim, angielskim i niemieckim /
_cIwona Kienzler.
260 _aGdańsk :
_bOśrodek Doradztwa i Doskonalenia Kadr,
_c2005.
300 _a568 s. ;
_c25 cm.
500 _aTekst równol. pol., ang., niem.
650 9 _aBiurowość
650 9 _aJęzyk angielski
650 9 _aJęzyk niemiecki
650 9 _aKorespondencja urzędowa
650 9 _aKorespondencja handlowa
_zPolska
650 9 _aUmowa
_xgospodarka
_zPolska
655 _aPodręczniki
655 _aTablice i wzory
020 _a8374261129
040 _cBPK
041 0 _aeng
_ager
_apol
080 _a811.111+811.112.2](07):346.3:651.7(083)
920 _a83-7426-112-9
942 _cKS
008 s pl f |000 0 pol
999 _c46162
_d46162
856 _uhttp://koha.tu.koszalin.pl/cgi-bin/koha/opac-detail.pl?biblionumber=46162
_yKatalog online BPK